|
|
|
|
| LEADER |
01605cas a2200241 a 4500 |
| 001 |
AALejournalIMF010813 |
| 008 |
230101c9999 xx r poo 0 0eng d |
| 020 |
|
|
|c 5.00 USD
|
| 020 |
|
|
|z 9781451809091
|
| 022 |
|
|
|a 1934-7685
|
| 040 |
|
|
|a BD-DhAAL
|c BD-DhAAL
|
| 110 |
2 |
|
|a International Monetary Fund.
|
| 245 |
1 |
0 |
|a Comoros :
|b Recent Economic Developments.
|
| 264 |
|
1 |
|a Washington, D.C. :
|b International Monetary Fund,
|c 1996.
|
| 300 |
|
|
|a 1 online resource (107 pages)
|
| 490 |
1 |
|
|a IMF Staff Country Reports
|
| 500 |
|
|
|a <strong>Off-Campus Access:</strong> No User ID or Password Required
|
| 500 |
|
|
|a <strong>On-Campus Access:</strong> No User ID or Password Required
|
| 506 |
|
|
|a Electronic access restricted to authorized BRAC University faculty, staff and students
|
| 520 |
3 |
|
|a This paper reviews economic developments in the Comoros during 1992-95. The economic performance of the Comoros during 1991-94 was characterized by real growth of about 1.6 percent a year on average, large financial imbalances, an eroding export base, and the accumulation of large domestic and external payments arrears. The poor economic performance was particularly noticeable during 1994-95 when real GDP, which grew by about 3 percent during 1991-93, declined by about 2 percent a year, as a result of a negative terms-of-trade shock, and increased political uncertainty.
|
| 538 |
|
|
|a Mode of access: Internet
|
| 830 |
|
0 |
|a IMF Staff Country Reports; Country Report ;
|v No. 1996/998
|
| 856 |
4 |
0 |
|z Full text available on IMF
|u http://elibrary.imf.org/view/journals/002/1996/998/002.1996.issue-998-en.xml
|z IMF e-Library
|